| 000 | 00517 a2200169 4500 | ||
|---|---|---|---|
| 003 | NUST | ||
| 038 | _aATTA | ||
| 082 | _aBEE-5 | ||
| 100 |
_aAhsan Rafique _992220 |
||
| 245 |
_aConfigurable wireless sensor nodes _cAhsan Rafique |
||
| 260 |
_aIslamabad _bNUST-SEECS _c2012 |
||
| 300 |
_a73p. _b;ill. _c;27cm.+ _eCD ROM |
||
| 500 | _aSupervisors: Dr. Awais Kamboh, Dr. Hamid Mukhtar | ||
| 700 |
_aMuhammad Asim Khan _992221 |
||
| 856 | _uhttp://10.250.8.41:8080/xmlui/handle/123456789/5778 | ||
| 942 |
_cPR _kBEE-5 AHS _2ddc |
||
| 999 |
_c11316 _d11316 |
||